Lorenzo Horizonte /
Lorenzo Horizonte tiene una cabeza llena de rulos y un alma que pide precisiones. Cuando la matemática ya no alcanza para explicar los golpes del corazón, Lorenzo consulta a un médico que, sin querer, da en el clavo
Guardado en:
| Autor Principal: | |
|---|---|
| Otros Autores: | |
| Formato: | Libro |
| Idioma: | Undetermined |
| Publicado: |
Buenos Aires :
Ministerio de Educación de la Nación,
2022.
|
| Series: | La educación nuestra bandera. Historias x leer
|
| Materias: | |
| Etiquetas: |
Agregar Etiqueta
Sin Etiquetas, Sea el primero en etiquetar este registro!
|
| LEADER | 02130nam a22003495a 4500 | ||
|---|---|---|---|
| 001 | CEM.cems020477 | ||
| 008 | 230922s2022####ag############000#0#und#d | ||
| 005 | 20231009084233.0 | ||
| 245 | 1 | 0 | |a Lorenzo Horizonte / |c Ángeles Durini; ilustrado por Sol Cófreces. |
| 260 | |a Buenos Aires : |b Ministerio de Educación de la Nación, |c 2022. | ||
| 300 | |a 32. | ||
| 490 | 1 | |a La educación nuestra bandera. Historias x leer | |
| 500 | |a Plan Nacional de Lecturas. | ||
| 500 | |a Existe versión multimedia. | ||
| 500 | |a Existe versión en lenguas indígenas. | ||
| 500 | |a Esta colección está formada por catorce cuentos de escritoras y escritores de nuestro país ilustrados por importantes artistas. Seis han sido traducidos a cinco lenguas indígenas. A través del código QR vas a encontrar una versión multimedia accesible - con interpretaciones en Lengua de Señas Argentina y en texto plano-, musicalizada por la Orquesta Federal Infantil y Juvenil del programa Nacional de Orquestas y Coros. Además encontrarán actividades de prácticas del lenguaje relacionadas al libro. | ||
| 520 | |a Lorenzo Horizonte tiene una cabeza llena de rulos y un alma que pide precisiones. Cuando la matemática ya no alcanza para explicar los golpes del corazón, Lorenzo consulta a un médico que, sin querer, da en el clavo | ||
| 020 | |a 9789500016025 | ||
| 100 | 1 | |a Durini, Ángeles. | |
| 700 | 1 | |a Cófreces, Sol; il. | |
| 653 | |a Literatura | ||
| 653 | |a Literatura Argentina | ||
| 653 | |a Cuentos | ||
| 653 | |a Cuentos Infantiles | ||
| 653 | |a Literatura Infantil | ||
| 859 | |a CEMS |b BIB. CEMS - Inicial y Primaria |h U868.4 |i D935 |k IP |p 6712 |t Ej.1 | ||
| 859 | |a CEMS |b BIB. CEMS - 11 de abril |h U868.4 |i D935-2 |k CE |p 29706.23 |t Ej.1 | ||
| 859 | |a CEMS |b BIB. CEMS - Inicial y Primaria |h U868.4 |i D935 |k IP |p 6713 |t Ej.2 | ||
| 859 | |a CEMS |b BIB. CEMS - Ccias. Educacion |h U868.4 |i D935-2 |k CE |p 29707.23 |t Ej.2 | ||
| 859 | |a CEMS |b BIB. CEMS - Inicial y Primaria |h U868.4 |i D935 |k IP |p 6714 |t Ej.3 | ||
| 859 | |a CEMS |b BIB. CEMS - 11 de abril |h U868.4 |i D935-2 |k CE |p 29708.23 |t Ej.3 | ||
| 859 | |a CEMS |b BIB. CEMS - Inicial y Primaria |h U868.4 |i D935 |k IP |p 6715 |t Ej.4 | ||
